000 01072nam a2200253 i 4500
001 190740
003 ES-MaACL
005 20240410104057.0
008 220524s1970 sp 000 0 spa
080 _a581.1(043.2)
100 1 _aBarceló Coll, Juan.
_925514
245 1 0 _aBiosíntesis de nicotina y metabolismo nitrogenado en "Nicotiana rústica L" bajo el influjo de ciertas luces monocromáticas y del frío /
_cpor Juan Barceló Coll.
260 _aBarcelona :
_b[Universidad, Facultad de Farmacia],
_c1970 (
_fIvern)
300 _a17 p. ;
_c24 cm.
502 _aTesis-Univ. Barcelona (Extracto)
504 _aBibliografía: p. 13-14.
594 _aPrecede al tít.: Universidad de Barcelona. Secretariado de Publicaciones, Intercambio Científico y Extensión Universitaria
650 4 _aFisiología vegetal.
_912891
655 _aTesis y escritos académicos
_9226867
710 2 _aUniversidad de Barcelona.
_bFacultad de Farmacia.
_97148
852 4 _aES-MaACL
_jP-1416 (4)
_9197922
_bR.68611
_cDEPO2
942 _2udc
999 _c190740
_d190740